[Event "XLV Festival A"]
[Site "Imperia ITA"]
[Date "2003.09.01"]
[Round "2"]
[White "Sautto, Alessandra"]
[Black "Faraci, Antonino"]
[WhiteElo "1968"]
[BlackElo "2088"]
[Result "1/2-1/2"]
[PlyCount "55"]
[EventDate "2003.08.31"]

1. d4 Nf6 2. Nf3 g6 3. Nbd2 d5 4. e3 Bg7 5. Bd3 Nc6 6. c3 O-O 7. O-O Re8 8. e4
dxe4 9. Nxe4 Nxe4 10. Bxe4 Qd6 11. Be3 f5 12. Bxc6 Qxc6 13. Bf4 e6 14. Qd2 b6
15. Ne5 Bxe5 16. Bxe5 Bb7 17. f3 Rad8 18. Qg5 Rf8 19. Qh6 Rd7 20. h4 Rff7 21.
h5 gxh5 22. Qg5+ Kf8 23. Qh6+ Ke8 24. Qxh5 Rd5 25. Qg5 Kf8 26. Qh6+ Ke8 27. Qg5
Kf8 28. Qh6+ 1/2-1/2

[Event "XLV Festival A"]
[Site "Imperia ITA"]
[Date "2003.09.01"]
[Round "2"]
[White "Voloshin, Leonid"]
[Black "Verrascina, Roberto"]
[WhiteElo "2468"]
[BlackElo "2226"]
[Result "1-0"]
[PlyCount "91"]
[EventDate "2003.08.31"]

1. c4 g6 2. g3 Bg7 3. Bg2 e5 4. Nc3 Ne7 5. e3 Nbc6 6. Nge2 d6 7. d3 Be6 8. Nd5
Qd7 9. Rb1 Nd8 10. b4 Ng8 11. b5 c6 12. Ndc3 Ne7 13. bxc6 bxc6 14. Ba3 f5 15.
O-O O-O 16. Qc2 Nf7 17. Rb3 Rab8 18. Rfb1 Qc7 19. Qb2 Rxb3 20. Qxb3 Bf6 21. d4
Rc8 22. Bf1 g5 23. dxe5 dxe5 24. Na4 f4 25. Nc5 Bg4 26. Nc3 fxe3 27. fxe3 Rd8
28. N3e4 Kg7 29. Bg2 Ng8 30. h3 Bc8 31. g4 Be7 32. Nd3 Qb6 33. Bxe7 Qxe3+ 34.
Ndf2 Qxb3 35. axb3 Nxe7 36. Ra1 a6 37. Nc5 Rd2 38. Nxa6 Ng6 39. Nc5 Nf4 40.
Bxc6 Ne2+ 41. Kf1 Nd4 42. Bd5 Nd6 43. Ra7+ Kg6 44. Rc7 N4b5 45. cxb5 Rxd5 46.
b6 1-0

[Event "XLV Festival A"]
[Site "Imperia ITA"]
[Date "2003.09.01"]
[Round "2"]
[White "Vrana, Frantisek"]
[Black "Miladinovic, Igor"]
[WhiteElo "2300"]
[BlackElo "2609"]
[Result "1/2-1/2"]
[PlyCount "85"]
[EventDate "2003.08.31"]

1. e4 c5 2. Nf3 Nc6 3. g3 d5 4. exd5 Qxd5 5. Nc3 Qe6+ 6. Ne2 Qe4 7. Bg2 Nd4 8.
Nfxd4 Qxg2 9. Rg1 Qd5 10. Nb5 Qc6 11. Nbc3 e5 12. g4 h5 13. g5 Ne7 14. d3 Bg4
15. Qd2 Nf5 16. Ne4 Nh4 17. Rg3 Nf3+ 18. Rxf3 Bxf3 19. Qe3 Bg4 20. f3 Be6 21.
b3 Be7 22. Bb2 f6 23. gxf6 gxf6 24. f4 O-O-O 25. fxe5 f5 26. Nf6 Bxf6 27. exf6
Rhe8 28. Qf2 f4 29. Kd2 f3 30. Ng1 Rd5 31. Qxf3 Bg4 32. Qg3 Red8 33. Rc1 Qd7
34. Re1 h4 35. Qe3 b5 36. Nf3 Bxf3 37. Qxf3 Qf5 38. Qe4 Qxe4 39. Rxe4 Rh8 40.
Re7 Rf8 41. f7 Rd7 42. Re8+ Rd8 43. Re7 1/2-1/2

[Event "XLV Festival A"]
[Site "Imperia ITA"]
[Date "2003.09.02"]
[Round "3"]
[White "Barlocco, Carlo"]
[Black "Gallitto, Salvatore"]
[WhiteElo "2150"]
[BlackElo "2010"]
[Result "1-0"]
[PlyCount "72"]
[EventDate "2003.08.31"]

1. d4 d6 2. Nf3 Bg4 3. g3 Nd7 4. Bg2 c6 5. O-O e5 6. c4 Be7 7. Nc3 f5 8. h3 Bh5
9. e4 Bg6 10. exf5 Bxf5 11. Re1 Qc7 12. c5 O-O-O 13. Qa4 Kb8 14. cxd6 Bxd6 15.
dxe5 Be7 16. Bf4 Nc5 17. Qc4 Be6 18. Qe2 Nd3 19. Red1 Nxf4 20. Rxd8+ Qxd8 21.
gxf4 Nh6 22. Rd1 Qc8 23. Kh2 Nf5 24. Ne4 h6 25. Nd4 Bd5 26. Ng3 Nxd4 27. Rxd4
Bc5 28. Rd2 Be6 29. Be4 Rf8 30. f5 Qc7 31. fxe6 Rxf2+ 32. Qxf2 Bxf2 33. Rxf2
Qxe5 34. Bf5 g6 35. Re2 Qxe2+ 36. Nxe2 gxf5 1-0

[Event "XLV Festival A"]
[Site "Imperia ITA"]
[Date "2003.09.02"]
[Round "3"]
[White "Feistenauer, Harald"]
[Black "Sautto, Alessandra"]
[WhiteElo "2094"]
[BlackElo "1968"]
[Result "1-0"]
[PlyCount "39"]
[EventDate "2003.08.31"]

1. c4 e6 2. g3 d5 3. Bg2 Nf6 4. Nf3 dxc4 5. O-O Nbd7 6. Qa4 a6 7. Qxc4 c5 8. a4
b5 9. Qc2 Bb7 10. axb5 axb5 11. Rxa8 Qxa8 12. d3 Be7 13. e4 Nxe4 14. dxe4 Bxe4
15. Qe2 Bxb1 16. Ne5 Qb8 17. Nxd7 Kxd7 18. Bf4 Qb6 19. Rxb1 Rc8 20. Qh5 1-0

[Event "XLV Festival A"]
[Site "Imperia ITA"]
[Date "2003.09.02"]
[Round "3"]
[White "Gross, David"]
[Black "Isonzo, David"]
[WhiteElo "2451"]
[BlackElo "2347"]
[Result "1/2-1/2"]
[PlyCount "22"]
[EventDate "2003.08.31"]

1. e4 e5 2. Nf3 Nf6 3. d4 Nxe4 4. Bd3 d5 5. Nxe5 Nd7 6. Nxd7 Bxd7 7. O-O Bd6 8.
c4 c6 9. c5 Bc7 10. Nc3 O-O 11. Qh5 f5 1/2-1/2

[Event "XLV Festival A"]
[Site "Imperia ITA"]
[Date "2003.09.02"]
[Round "3"]
[White "Jasny, Stanislav"]
[Black "Semeria, Marco"]
[WhiteElo "2319"]
[BlackElo "2066"]
[Result "1-0"]
[PlyCount "49"]
[EventDate "2003.08.31"]

1. e4 c5 2. Nf3 Nc6 3. d4 cxd4 4. Nxd4 Nf6 5. Nc3 d6 6. Be3 e6 7. Be2 Be7 8.
O-O Bd7 9. Nb3 O-O 10. f4 a6 11. a4 b6 12. Bf3 Qc7 13. Kh1 Rfd8 14. Qe2 Be8 15.
g4 Nd7 16. g5 Nc5 17. Bg2 Bf8 18. Rad1 Nxb3 19. cxb3 Na5 20. f5 Nxb3 21. fxe6
fxe6 22. Qf2 Bxa4 23. Bxb6 Qd7 24. Bxd8 Rxd8 25. Bf3 1-0

[Event "XLV Festival A"]
[Site "Imperia ITA"]
[Date "2003.09.02"]
[Round "3"]
[White "Jirovsky, Milos"]
[Black "Mozny, Milos"]
[WhiteElo "2521"]
[BlackElo "2364"]
[Result "1-0"]
[PlyCount "71"]
[EventDate "2003.08.31"]

1. Nf3 d5 2. d4 Nf6 3. c4 c6 4. Nc3 g6 5. cxd5 cxd5 6. Bf4 Nc6 7. e3 Bg7 8. h3
O-O 9. Be2 Ne4 10. Rc1 Nxc3 11. Rxc3 f6 12. O-O e5 13. Bh2 Be6 14. Bb5 e4 15.
Nd2 Rc8 16. Nb3 Qb6 17. Qe2 Na5 18. Nc5 Rf7 19. Rfc1 a6 20. b4 axb5 21. bxa5
Qxa5 22. Qb2 b4 23. Rb3 Rc6 24. Rxb4 Bf8 25. Rb5 Qd8 26. Bg3 Bxc5 27. dxc5 Kg7
28. Rc3 Rd7 29. Ra3 Qc8 30. Qd4 Kf7 31. Ra7 Ra6 32. Rxa6 bxa6 33. Rb8 Qc6 34.
Rb6 Qc8 35. c6 Re7 36. Bd6 1-0

[Event "XLV Festival A"]
[Site "Imperia ITA"]
[Date "2003.09.02"]
[Round "3"]
[White "Krouzel, Jaroslav"]
[Black "Marzano, Carlo"]
[WhiteElo "2143"]
[BlackElo "2225"]
[Result "0-1"]
[PlyCount "66"]
[EventDate "2003.08.31"]

1. d4 Nc6 2. Nf3 d6 3. e4 Nf6 4. Nc3 Bg4 5. Be2 e5 6. d5 Ne7 7. Bg5 Ng6 8. h3
Bd7 9. Qd2 Be7 10. g3 h6 11. Be3 O-O 12. g4 b5 13. b4 c6 14. g5 hxg5 15. Nxg5
cxd5 16. exd5 Nh4 17. Rg1 a5 18. Rb1 axb4 19. Rxb4 Nf5 20. Bxb5 Bxb5 21. Rxb5
Qd7 22. Rb3 Rfc8 23. Ke2 Rc4 24. Rgb1 Rac8 25. R1b2 Nd4+ 26. Bxd4 exd4 27. Nce4
Qf5 28. Ng3 Qe5+ 29. Kf1 Nxd5 30. Nf3 Qe6 31. Kg2 Bf6 32. Rb8 d3 33. cxd3 Nf4+
0-1

[Event "XLV Festival A"]
[Site "Imperia ITA"]
[Date "2003.09.02"]
[Round "3"]
[White "Likavsky, Tomas"]
[Black "Vrana, Frantisek"]
[WhiteElo "2470"]
[BlackElo "2300"]
[Result "1-0"]
[PlyCount "57"]
[EventDate "2003.08.31"]

1. d4 Nf6 2. c4 g6 3. Nc3 Bg7 4. e4 d6 5. h3 O-O 6. Bg5 c5 7. d5 h6 8. Be3 e6
9. Bd3 exd5 10. exd5 Re8 11. Nf3 Nh5 12. O-O Ng3 13. Re1 Nf5 14. Bf4 Rxe1+ 15.
Qxe1 g5 16. Bh2 Na6 17. Qe4 Nc7 18. Re1 Kf8 19. g4 Ne7 20. h4 gxh4 21. Nxh4 Qe8
22. Qf4 Bd7 23. Bg3 b5 24. cxb5 Rb8 25. Re2 a6 26. a4 axb5 27. Bxb5 Bxb5 28.
Nxb5 Ncxd5 29. Qxd6 1-0

[Event "XLV Festival A"]
[Site "Imperia ITA"]
[Date "2003.09.02"]
[Round "3"]
[White "Payen, Arnaud"]
[Black "Fedorchuk, Sergey A."]
[WhiteElo "2363"]
[BlackElo "2557"]
[Result "0-1"]
[PlyCount "112"]
[EventDate "2003.08.31"]

1. d4 Nf6 2. c4 e6 3. g3 Bb4+ 4. Bd2 Qe7 5. Bg2 Nc6 6. e3 O-O 7. Ne2 Bxd2+ 8.
Qxd2 e5 9. d5 Nd8 10. Nbc3 d6 11. h3 a5 12. O-O b6 13. b3 Nb7 14. f4 Nc5 15.
Rae1 Re8 16. g4 h5 17. g5 Nh7 18. h4 exf4 19. exf4 Bg4 20. Nd4 Qd7 21. Kh2 Nf8
22. a3 a4 23. bxa4 Ng6 24. Kg3 Nxa4 25. Ncb5 Nc5 26. Qc2 Ne7 27. f5 Nxf5+ 28.
Nxf5 Rxe1 29. Nh6+ gxh6 30. Rxe1 hxg5 31. hxg5 Re8 32. Qc3 Rxe1 33. Qxe1 Qf5
34. Qe3 Nd3 35. Nxc7 Ne5 36. Ne8 Nxc4 37. Qd4 Qxg5 38. Nf6+ Kf8 39. Ne4 Qg7 40.
Qxg7+ Kxg7 41. Bf1 Ne3 42. Bb5 Nxd5 43. Nxd6 f5 44. Bc6 f4+ 45. Kh4 Kf6 46.
Ne4+ Ke5 47. Nf2 Ne7 48. Bb5 Kd4 49. Nxg4 hxg4 50. Kxg4 Ke3 51. Kg5 f3 52. Kf6
Nd5+ 53. Ke5 Nc3 54. Bf1 f2 55. Kd6 Kd2 56. Kc6 Ke1 0-1

[Event "XLV Festival A"]
[Site "Imperia ITA"]
[Date "2003.09.02"]
[Round "3"]
[White "Rojicek, Vojtech"]
[Black "Blazkova, Barbora"]
[WhiteElo "2117"]
[BlackElo "2027"]
[Result "1-0"]
[PlyCount "37"]
[EventDate "2003.08.31"]

1. e4 c5 2. Nf3 d6 3. d4 cxd4 4. Nxd4 Nf6 5. Nc3 a6 6. Be3 e6 7. Be2 b5 8. Bf3
Bb7 9. e5 Nd5 10. Nxd5 Bxd5 11. Bxd5 exd5 12. e6 Qf6 13. Qh5 Ra7 14. Qxd5 Rc7
15. Qa8 Qd8 16. Qe4 Be7 17. exf7+ Kxf7 18. Qd5+ Ke8 19. Ne6 1-0

[Event "XLV Festival A"]
[Site "Imperia ITA"]
[Date "2003.09.02"]
[Round "3"]
[White "Roversi, Stefano"]
[Black "Spirek, Adam"]
[WhiteElo "2008"]
[BlackElo "2068"]
[Result "0-1"]
[PlyCount "32"]
[EventDate "2003.08.31"]

1. e4 d5 2. exd5 Nf6 3. Nf3 Qxd5 4. Nc3 Qh5 5. Be2 Bg4 6. d4 Nc6 7. Be3 O-O-O
8. O-O e5 9. d5 e4 10. Ng5 Rxd5 11. Nxd5 Bxe2 12. Qd2 Nxd5 13. Qxd5 Bd6 14.
Qf5+ Kb8 15. g3 Bxf1 16. Rxf1 h6 0-1

[Event "XLV Festival A"]
[Site "Imperia ITA"]
[Date "2003.09.02"]
[Round "3"]
[White "Van Hoolandt, Patrick"]
[Black "Maksimenko, Andrei"]
[WhiteElo "2301"]
[BlackElo "2512"]
[Result "0-1"]
[PlyCount "70"]
[EventDate "2003.08.31"]

1. c4 e6 2. Nf3 d5 3. b3 c5 4. g3 Nc6 5. Bg2 Qf6 6. Nc3 d4 7. Nb5 Qd8 8. O-O e5
9. e3 a6 10. Na3 Nf6 11. exd4 exd4 12. Re1+ Be7 13. d3 O-O 14. Nc2 h6 15. Rb1
Be6 16. Bb2 a5 17. a3 Bg4 18. Qd2 Bd7 19. h3 Nh5 20. Kh2 Bd6 21. b4 axb4 22.
axb4 Ra2 23. Qc1 Qf6 24. bxc5 Bxc5 25. Nd2 Bf5 26. Ne4 Bxe4 27. Rxe4 Qxf2 28.
Rg4 Qe2 29. Ne1 Bd6 30. Re4 Qf2 31. Rg4 Nf6 32. Rf4 Bxf4 33. gxf4 Nh5 34. Nf3
Qg3+ 35. Kg1 Nxf4 0-1

[Event "XLV Festival A"]
[Site "Imperia ITA"]
[Date "2003.09.02"]
[Round "3"]
[White "Verrascina, Nicola"]
[Black "Svacina, Petr"]
[WhiteElo "2102"]
[BlackElo "2037"]
[Result "0-1"]
[PlyCount "52"]
[EventDate "2003.08.31"]

1. e4 e5 2. f4 exf4 3. Nf3 h6 4. Bc4 d6 5. d4 g5 6. h4 Bg7 7. c3 Nc6 8. b4 Qe7
9. hxg5 hxg5 10. Rxh8 Bxh8 11. Nbd2 g4 12. Ng1 Nxd4 13. Bb2 Nc6 14. Qb3 Be6 15.
O-O-O O-O-O 16. Bd5 Bxd5 17. exd5 Ne5 18. Kb1 Nd3 19. Ba1 Qe5 20. Qc4 Ne1 21.
Nb3 Qf5+ 22. Kb2 Qc2+ 23. Ka3 Qxd1 24. Na5 Nc2+ 25. Kb2 Qxa1+ 26. Kxc2 Qxc3+
0-1

[Event "XLV Festival A"]
[Site "Imperia ITA"]
[Date "2003.09.03"]
[Round "4"]
[White "Astengo, Marcello"]
[Black "Karl, Hans"]
[WhiteElo "2070"]
[BlackElo "2265"]
[Result "0-1"]
[PlyCount "54"]
[EventDate "2003.08.31"]

1. d4 Nf6 2. c4 c5 3. d5 g6 4. Nc3 d6 5. e4 Bg7 6. Bg5 O-O 7. f4 a6 8. a4 Re8
9. Nf3 Qa5 10. Bd3 Bg4 11. O-O Nbd7 12. Qc2 Bxf3 13. Rxf3 e6 14. Raf1 exd5 15.
cxd5 c4 16. Be2 Qc5+ 17. Kh1 b5 18. e5 dxe5 19. Bxf6 Nxf6 20. fxe5 Ng4 21. Qd2
Nxe5 22. Rh3 Rad8 23. Qf4 f5 24. Rd1 b4 25. Na2 a5 26. Bf3 Nxf3 27. Qxf3 Qxd5
0-1

[Event "XLV Festival A"]
[Site "Imperia ITA"]
[Date "2003.09.03"]
[Round "4"]
[White "Chatalbashev, Boris"]
[Black "Jirovsky, Milos"]
[WhiteElo "2509"]
[BlackElo "2521"]
[Result "1/2-1/2"]
[PlyCount "45"]
[EventDate "2003.08.31"]

1. d4 Nf6 2. c4 e6 3. Nf3 d5 4. Nc3 Nbd7 5. cxd5 exd5 6. Bg5 Bb4 7. Rc1 c6 8.
a3 Bd6 9. e3 O-O 10. Bd3 Re8 11. O-O Nf8 12. h3 h6 13. Bxf6 Qxf6 14. e4 dxe4
15. Nxe4 Qd8 16. Re1 Be6 17. Ne5 Qc7 18. Qh5 Rad8 19. Re3 Qe7 20. Rce1 Bc7 21.
Nc5 Bxe5 22. Qxe5 Rd5 23. Qe4 1/2-1/2

[Event "XLV Festival A"]
[Site "Imperia ITA"]
[Date "2003.09.03"]
[Round "4"]
[White "Fregonese, Giulio"]
[Black "Carzolio, Luigi"]
[WhiteElo "2136"]
[BlackElo "2042"]
[Result "1/2-1/2"]
[PlyCount "43"]
[EventDate "2003.08.31"]

1. e4 e6 2. d4 a6 3. Bd3 b5 4. Nf3 Bb7 5. O-O c5 6. c3 Nf6 7. e5 Nd5 8. Nbd2
Nc6 9. dxc5 Bxc5 10. Ne4 Be7 11. Re1 f5 12. exf6 Nxf6 13. Neg5 O-O 14. Bc2 Qe8
15. Nh4 Nd8 16. Qd3 Qh5 17. Qg3 Bc5 18. Be3 Bxe3 19. Rxe3 Nf7 20. Nhf3 Nxg5 21.
Nxg5 h6 22. Ne4 1/2-1/2

[Event "XLV Festival A"]
[Site "Imperia ITA"]
[Date "2003.09.03"]
[Round "4"]
[White "Gross, Stefan"]
[Black "Verrascina, Roberto"]
[WhiteElo "2328"]
[BlackElo "2226"]
[Result "0-1"]
[PlyCount "50"]
[EventDate "2003.08.31"]

1. e4 Nf6 2. e5 Nd5 3. d4 d6 4. Bc4 Nb6 5. Bb3 dxe5 6. Qf3 e6 7. dxe5 a5 8. a4
Nc6 9. Qg3 Nd4 10. Nf3 Bb4+ 11. Bd2 Nxb3 12. cxb3 Bxd2+ 13. Nbxd2 O-O 14. O-O
Nd5 15. Ne4 b6 16. Rfd1 Qe7 17. Rac1 Kh8 18. Neg5 h6 19. Rd4 Ba6 20. Qh3 c5 21.
Rh4 Bd3 22. Rcc4 f6 23. Nxe6 fxe5 24. Nxe5 Bh7 25. Rhg4 Qxe6 0-1

[Event "XLV Festival A"]
[Site "Imperia ITA"]
[Date "2003.09.03"]
[Round "4"]
[White "Isonzo, David"]
[Black "Likavsky, Tomas"]
[WhiteElo "2347"]
[BlackElo "2470"]
[Result "0-1"]
[PlyCount "36"]
[EventDate "2003.08.31"]

1. e4 c5 2. Nc3 e6 3. Nge2 a6 4. g3 b5 5. Bg2 Bb7 6. d4 b4 7. Na4 cxd4 8. Nxd4
Nf6 9. O-O Bxe4 10. Bxe4 Nxe4 11. Re1 Nc5 12. Nxc5 Bxc5 13. Qf3 Ra7 14. Nf5 Qf6
15. Be3 Rc7 16. Qf4 Bxe3 17. Nxg7+ Ke7 18. Qxc7 Qxf2+ 0-1

[Event "XLV Festival A"]
[Site "Imperia ITA"]
[Date "2003.09.03"]
[Round "4"]
[White "Jasny, Stanislav"]
[Black "Trumpf, Walter"]
[WhiteElo "2319"]
[BlackElo "2098"]
[Result "1-0"]
[PlyCount "37"]
[EventDate "2003.08.31"]

1. e4 g6 2. d4 Bg7 3. Nf3 d6 4. Bc4 Nf6 5. Qe2 O-O 6. O-O a6 7. Bb3 c5 8. dxc5
dxc5 9. e5 Ne8 10. e6 f5 11. Nc3 Nc6 12. Bf4 b5 13. Rfd1 Qa5 14. Bd5 Bb7 15.
Bxc6 Bxc6 16. Ne5 Bxe5 17. Qxe5 Qb4 18. a3 Qa5 19. Qxc5 1-0

[Event "XLV Festival A"]
[Site "Imperia ITA"]
[Date "2003.09.03"]
[Round "4"]
[White "Luciani, Carlo"]
[Black "Rojicek, Vojtech"]
[WhiteElo "2233"]
[BlackElo "2117"]
[Result "1/2-1/2"]
[PlyCount "27"]
[EventDate "2003.08.31"]

1. e4 c5 2. Nf3 d6 3. c3 Nf6 4. h3 Nc6 5. Bd3 g6 6. Bc2 Bg7 7. d4 cxd4 8. cxd4
d5 9. e5 Ne4 10. O-O O-O 11. Be3 f6 12. exf6 Bxf6 13. Nbd2 Nd6 14. Bb3 1/2-1/2

[Event "XLV Festival A"]
[Site "Imperia ITA"]
[Date "2003.09.03"]
[Round "4"]
[White "Maksimenko, Andrei"]
[Black "Gross, David"]
[WhiteElo "2512"]
[BlackElo "2451"]
[Result "1/2-1/2"]
[PlyCount "27"]
[EventDate "2003.08.31"]

1. d4 Nf6 2. c4 g6 3. Nc3 Bg7 4. e4 d6 5. Be2 O-O 6. Bg5 Na6 7. f4 c6 8. Nf3
Nc7 9. Bh4 b5 10. e5 Ng4 11. Qd2 dxe5 12. Nxe5 Nxe5 13. fxe5 bxc4 14. Bxc4
1/2-1/2

[Event "XLV Festival A"]
[Site "Imperia ITA"]
[Date "2003.09.03"]
[Round "4"]
[White "Mozny, Milos"]
[Black "Biolek, Richard sr"]
[WhiteElo "2364"]
[BlackElo "2449"]
[Result "1/2-1/2"]
[PlyCount "24"]
[EventDate "2003.08.31"]

1. d4 c6 2. c4 d5 3. cxd5 cxd5 4. Nf3 Nc6 5. Nc3 Nf6 6. Bf4 a6 7. e3 e6 8. Be2
Be7 9. O-O O-O 10. h3 b5 11. Ne5 Bb7 12. Nxc6 Bxc6 1/2-1/2

[Event "XLV Festival A"]
[Site "Imperia ITA"]
[Date "2003.09.03"]
[Round "4"]
[White "Sautto, Alessandra"]
[Black "Skapikova, Lubica"]
[WhiteElo "1968"]
[BlackElo "2033"]
[Result "1/2-1/2"]
[PlyCount "47"]
[EventDate "2003.08.31"]

1. d4 Nf6 2. Nf3 g6 3. Nbd2 d5 4. e3 Bg7 5. Bd3 O-O 6. O-O Nbd7 7. c3 c5 8. Qe2
Qc7 9. e4 dxe4 10. Nxe4 Nxe4 11. Bxe4 Nf6 12. Bc2 b6 13. Re1 e6 14. dxc5 bxc5
15. Bg5 Rb8 16. Bb3 Bb7 17. Qe5 Qxe5 18. Nxe5 Rbd8 19. f3 h6 20. Be3 Rc8 21.
Nc4 Rfd8 22. Rad1 Nd5 23. Bf2 Bf8 24. Ne5 1/2-1/2

[Event "XLV Festival A"]
[Site "Imperia ITA"]
[Date "2003.09.03"]
[Round "4"]
[White "Semeria, Marco"]
[Black "Roversi, Stefano"]
[WhiteElo "2066"]
[BlackElo "2008"]
[Result "1-0"]
[PlyCount "71"]
[EventDate "2003.08.31"]

1. e4 c5 2. Nf3 Nc6 3. d4 cxd4 4. Nxd4 a6 5. Be3 e6 6. Be2 Nge7 7. O-O Nxd4 8.
Qxd4 b5 9. Nc3 Nc6 10. Qd2 Be7 11. f4 O-O 12. Bf3 Na5 13. b3 Bb7 14. Ne2 Rc8
15. c3 Qc7 16. Kh1 Rfd8 17. Rac1 d5 18. e5 Bc5 19. Bd4 Qb6 20. g4 Bxd4 21. cxd4
Nc6 22. b4 a5 23. a3 axb4 24. axb4 Ra8 25. Rc5 Ra4 26. Rb1 Rda8 27. Nc3 Ra1 28.
Rxa1 Rxa1+ 29. Kg2 Nxb4 30. Qb2 Qa5 31. Be2 Nc6 32. Rxb5 Qa3 33. Rxb7 Qxb2 34.
Rxb2 f6 35. Nb5 Ra4 36. Rd2 1-0

[Event "XLV Festival A"]
[Site "Imperia ITA"]
[Date "2003.09.03"]
[Round "4"]
[White "Svacina, Petr"]
[Black "Russi, Roberto"]
[WhiteElo "2037"]
[BlackElo "2125"]
[Result "1-0"]
[PlyCount "43"]
[EventDate "2003.08.31"]

1. e4 c5 2. Nf3 e6 3. c4 d6 4. d4 cxd4 5. Nxd4 Nf6 6. Nc3 Nc6 7. Be3 Qc7 8. f3
a6 9. Be2 Be7 10. O-O b6 11. Rc1 Nxd4 12. Qxd4 Qc5 13. Na4 Qa5 14. Nxb6 Rb8 15.
Nxc8 Rxc8 16. Qc3 Qc7 17. c5 O-O 18. Bxa6 Ra8 19. cxd6 Qxd6 20. Bc4 Nd7 21.
Rfd1 Qc6 22. Bb3 1-0

[Event "XLV Festival A"]
[Site "Imperia ITA"]
[Date "2003.09.03"]
[Round "4"]
[White "Voloshin, Leonid"]
[Black "Miladinovic, Igor"]
[WhiteElo "2468"]
[BlackElo "2609"]
[Result "0-1"]
[PlyCount "88"]
[EventDate "2003.08.31"]

1. e4 c5 2. Nf3 Nc6 3. Bb5 e6 4. Bxc6 bxc6 5. Qe2 Ne7 6. h4 h5 7. e5 Ng6 8. d3
d6 9. exd6 Bxd6 10. g3 e5 11. Ng5 Bg4 12. f3 Bd7 13. Na3 O-O 14. Nc4 Bc7 15.
Be3 e4 16. O-O-O exf3 17. Qf2 Bg4 18. Nxf3 f5 19. Ng5 f4 20. gxf4 Nxf4 21. Qd2
Bxd1 22. Qxd1 Qd5 23. Rg1 Rae8 24. Kb1 g6 25. a3 Ng2 26. Bd2 Bh2 27. Rh1 Bf4
28. Nf3 Be3 29. Bxe3 Nxe3 30. Nxe3 Qxf3 31. Qg1 Kh7 32. Nc4 Re2 33. Qc1 Rfe8
34. Rg1 Qf2 35. Qg5 Qxg1+ 36. Qxg1 Re1+ 37. Qxe1 Rxe1+ 38. Ka2 g5 39. hxg5 h4
40. Nd2 h3 41. Nf3 Rf1 42. Nh2 Rf2 43. Ng4 Rg2 44. Ne3 Rg1 0-1

[Event "XLV Festival A"]
[Site "Imperia ITA"]
[Date "2003.09.03"]
[Round "5"]
[White "Barletta, Antonio"]
[Black "Gentile, Claudio"]
[WhiteElo "2053"]
[BlackElo "2158"]
[Result "0-1"]
[PlyCount "48"]
[EventDate "2003.08.31"]

1. e4 e5 2. Nf3 Nc6 3. Bb5 a6 4. Ba4 Nf6 5. O-O Nxe4 6. Re1 Nc5 7. Nxe5 Be7 8.
Nc3 Nxe5 9. Rxe5 O-O 10. Qe2 Bd6 11. Re3 Nxa4 12. Nxa4 Qh4 13. f4 Qxf4 14. Re4
Qxh2+ 15. Kf1 b5 16. Nc3 Qh1+ 17. Kf2 Bb7 18. Rg4 f5 19. Rg3 Rae8 20. Re3 Qxg2+
21. Ke1 Bg3+ 22. Rxg3 Qxg3+ 23. Kf1 Rxe2 24. Nxe2 Qg2+ 0-1

[Event "XLV Festival A"]
[Site "Imperia ITA"]
[Date "2003.09.03"]
[Round "5"]
[White "Barlocco, Carlo"]
[Black "Mozny, Milos"]
[WhiteElo "2150"]
[BlackElo "2364"]
[Result "1/2-1/2"]
[PlyCount "45"]
[EventDate "2003.08.31"]

1. d4 d5 2. Bg5 h6 3. Bh4 c5 4. Nc3 Nc6 5. Nf3 g5 6. Bg3 Bg7 7. e3 Bg4 8. Nb5
Rc8 9. dxc5 Bxb2 10. Rb1 Bg7 11. Be2 Nf6 12. O-O Ne4 13. c4 dxc4 14. Qxd8+ Nxd8
15. Nxa7 Rxc5 16. Rb5 c3 17. Rxc5 Nxc5 18. Bb5+ Bd7 19. Be5 Nde6 20. Rc1 O-O
21. Bxd7 Nxd7 22. Bxg7 Kxg7 23. Nb5 1/2-1/2

[Event "XLV Festival A"]
[Site "Imperia ITA"]
[Date "2003.09.03"]
[Round "5"]
[White "Cirabisi, Federico"]
[Black "Luciani, Carlo"]
[WhiteElo "2109"]
[BlackElo "2233"]
[Result "1/2-1/2"]
[PlyCount "51"]
[EventDate "2003.08.31"]

1. e4 e5 2. Nc3 Bc5 3. Bc4 Nf6 4. d3 Nc6 5. Bg5 h6 6. Be3 Bb6 7. Nge2 d6 8. Qd2
Ng4 9. Bxb6 axb6 10. f3 Nf6 11. O-O Be6 12. Nd5 Bxd5 13. exd5 Ne7 14. Nc3 c6
15. dxc6 bxc6 16. Rae1 O-O 17. f4 exf4 18. Qxf4 d5 19. Bb3 Ng6 20. Qg3 Qb8 21.
Qxb8 Rfxb8 22. Ne2 c5 23. Nc3 Rd8 24. Rf5 Nh4 25. Rf4 Ng6 26. Rf5 1/2-1/2

[Event "XLV Festival A"]
[Site "Imperia ITA"]
[Date "2003.09.03"]
[Round "5"]
[White "Cugini, Verter"]
[Black "Svacina, Petr"]
[WhiteElo "2214"]
[BlackElo "2037"]
[Result "1-0"]
[PlyCount "31"]
[EventDate "2003.08.31"]

1. e4 e5 2. Nf3 Nc6 3. d4 exd4 4. Nxd4 Bc5 5. Be3 Qf6 6. c3 Nge7 7. g3 d5 8.
Bg2 dxe4 9. Nb5 Bxe3 10. Nxc7+ Kf8 11. O-O Bc5 12. Nxa8 Qe5 13. b4 Bxb4 14.
cxb4 Qxa1 15. b5 Nd4 16. Qd2 1-0

[Event "XLV Festival A"]
[Site "Imperia ITA"]
[Date "2003.09.03"]
[Round "5"]
[White "Faraci, Antonino"]
[Black "De Vita, Igor"]
[WhiteElo "2088"]
[BlackElo "2158"]
[Result "1/2-1/2"]
[PlyCount "66"]
[EventDate "2003.08.31"]

1. Nf3 c5 2. e4 Nc6 3. Nc3 g6 4. d4 cxd4 5. Nxd4 Bg7 6. Nb3 Nf6 7. Be2 d6 8.
O-O O-O 9. Be3 a5 10. a4 Nb4 11. Qd2 Bd7 12. f3 Rc8 13. Rac1 Be6 14. Nd4 Bc4
15. Bxc4 Rxc4 16. Ncb5 Nd7 17. c3 Na6 18. b3 Rc8 19. Bh6 Nac5 20. Rb1 Nf6 21.
Rfd1 Qd7 22. Kh1 Rfd8 23. Bxg7 Kxg7 24. Qg5 Kh8 25. Qh6 Qe8 26. g4 e5 27. Nf5
Qf8 28. Qxf8+ Rxf8 29. Nfxd6 Rc6 30. Nc4 Nxa4 31. Ra1 Nc5 32. Nxa5 Rb6 33. c4
Ra8 1/2-1/2

[Event "XLV Festival A"]
[Site "Imperia ITA"]
[Date "2003.09.03"]
[Round "5"]
[White "Feistenauer, Harald"]
[Black "Isonzo, David"]
[WhiteElo "2094"]
[BlackElo "2347"]
[Result "1/2-1/2"]
[PlyCount "33"]
[EventDate "2003.08.31"]

1. c4 g6 2. g3 Bg7 3. Bg2 c5 4. Nc3 Nc6 5. d3 e6 6. e3 Nge7 7. Nge2 O-O 8. O-O
d5 9. a3 dxc4 10. dxc4 Qxd1 11. Rxd1 Na5 12. Ne4 Nb3 13. Rb1 Rb8 14. Rd3 Nxc1
15. Nxc1 b6 16. b4 f5 17. Nd6 1/2-1/2

[Event "XLV Festival A"]
[Site "Imperia ITA"]
[Date "2003.09.03"]
[Round "5"]
[White "Gross, David"]
[Black "Dopita, Bohumil"]
[WhiteElo "2451"]
[BlackElo "2081"]
[Result "1/2-1/2"]
[PlyCount "50"]
[EventDate "2003.08.31"]

1. e4 e5 2. Nf3 Nc6 3. Bb5 a6 4. Ba4 Nf6 5. O-O Nxe4 6. d4 b5 7. Bb3 d5 8. dxe5
Be6 9. c3 Bc5 10. Nbd2 O-O 11. Bc2 Nxf2 12. Rxf2 f6 13. exf6 Bxf2+ 14. Kxf2
Qxf6 15. Nf1 Ne5 16. Kg1 Nxf3+ 17. Qxf3 Qxf3 18. gxf3 Rxf3 19. Be3 Bh3 20. Bd4
Re8 21. Ng3 c6 22. a4 g6 23. axb5 axb5 24. Rd1 Ra8 25. Bb3 Re8 1/2-1/2

[Event "XLV Festival A"]
[Site "Imperia ITA"]
[Date "2003.09.03"]
[Round "5"]
[White "Jurek, Josef"]
[Black "Maksimenko, Andrei"]
[WhiteElo "2342"]
[BlackElo "2512"]
[Result "1/2-1/2"]
[PlyCount "23"]
[EventDate "2003.08.31"]

1. d4 d5 2. c4 e6 3. Nf3 Nf6 4. Nc3 dxc4 5. e3 a6 6. Bxc4 b5 7. Bd3 Bb7 8. O-O
Nbd7 9. Qe2 c5 10. Rd1 cxd4 11. exd4 Be7 12. a4 1/2-1/2